३००० वस्तुनिष्ठ प्रश्न (Record no. 491121)

MARC details
000 -LEADER
fixed length control field 00394nam a22001457a 4500
003 - CONTROL NUMBER IDENTIFIER
control field OSt
005 - DATE AND TIME OF LATEST TRANSACTION
control field 20120302150016.0
008 - FIXED-LENGTH DATA ELEMENTS--GENERAL INFORMATION
fixed length control field 090609t xxu||||| |||| 00| 0 eng d
035 ## - SYSTEM CONTROL NUMBER
System control number ५००२
040 ## - CATALOGING SOURCE
Transcribing agency मराठी
245 ## - TITLE STATEMENT
Title ३००० वस्तुनिष्ठ प्रश्न
260 ## - PUBLICATION, DISTRIBUTION, ETC. (IMPRINT)
Name of publisher, distributor, etc अनुपम
300 ## - PHYSICAL DESCRIPTION
Other physical details २४३ पाने
942 ## - ADDED ENTRY ELEMENTS (KOHA)
Source of classification or shelving scheme Dewey Decimal Classification
Koha item type Book

No items available.